00462nam a22001457a 450000500170000000800410001702000260005804100130008408200120009710000260010924500680013526000570020330000310026065000250029120240118071154.0231130b |||||||| |||| 00| 0 eng d a409003301 ; 409003328 aEnglish  a349 JOU aJoubert, WAlEnglish  aThe Law of South Africa : Accountants to Banking /cWA Joubert  aDurban : bButterworth and Company (Pty) Ltd, c1976 bxiv, 651 pages ; c26 cm.  aLegal practice bLaw